[Event "Paris GCT 2018-Blitz"]
[Site "Paris"]
[Date "2018.06.23"]
[Round "1"]
[White "Caruana, Fabiano"]
[Black "Anand, Viswanathan"]
[Result "1/2-1/2"]
[WhiteElo "2816"]
[BlackElo "2759"]
[Annotator "TA"]
[PlyCount "86"]
[EventDate "2018.06.23"]
[EventType "tourn"]
[EventCountry "FRA"]
[SourceTitle "playchess.com"]
[Source "ChessBase"]
[SourceQuality "1"]

{[%evp 22,86,15,8,26,22,22,15,23,18,49,9,20,12,12,6,33,23,20,0,0,14,11,0,9,-31,13,-18,0,0,0,0,16,7,12,11,23,18,14,13,138,146,216,213,454,454,434,392,485,0,0,0,0,0,0,-49,0,0,0,-18,0,0,0,-22,0,0,0]} 1. c4 c5 2. Nf3 Nc6 3. Nc3 Nf6 4. e3 e6 5. d4 d5 6. a3 a6 7. dxc5 Bxc5 8. b4 Bd6 9. Bb2 O-O 10. cxd5 exd5 11. Be2 Be6 12. O-O {LiveBook: 44 Partien} a5 {D40: Damengambit (Verbesserte Tarrasch-Verteidigung)} (12... Qe7 13. Rc1 a5 14. Nb5 Bb8 15. bxa5 Nxa5 16. Bxf6 Qxf6 17. Nc7 Bxc7 18. Rxc7 Rac8 19. Rxc8 Rxc8 20. Nd4 {½-½ (27) Svidler,P (2768)-Anand,V (2767) Wijk aan Zee 2018}) 13. Nb5 Be7 14. bxa5 Nxa5 $146 ({Vorgänger:} 14... Qxa5 15. a4 Rfc8 16. Bd3 Qb4 17. Bc3 Qg4 18. a5 Ne4 {1-0 (30) Stein,G-Otto,A Schwerin 1951}) 15. Nfd4 Bd7 16. Bc3 Nc6 17. a4 Ne4 18. Bb2 Nc5 19. Bf3 Ne5 20. Be2 {[%cal Bf3e2,Be2d3,Bd3c2,Bc2b3,Bb3d5][%mdl 32]} Nc4 21. Bc3 Ne4 22. Be1 Bf6 23. Ra2 Re8 24. Bd3 Nc5 25. Bc2 g6 26. Bb4 Ne6 27. Bb3 Nxd4 28. Nxd4 Qb6 29. Bc3 Rec8 30. Ba1 Na5 (30... Rc5 $11) 31. Bxd5 $16 Nc6 (31... Rc5 $16) 32. Nb5 Nb4 $2 {[#]} (32... Nd8 33. Bxf7+ Nxf7 34. Qxd7 Qc6 35. Qxc6 Rxc6 36. Bxf6 Rxf6) 33. Bxf7+ $1 $18 {[%mdl 512]} Kxf7 34. Qxd7+ Be7 35. Bd4 $2 (35. Qh3 $18 Nxa2 36. Qxh7+ Ke8 37. Qg8+ Bf8 38. Bd4) 35... Qc6 $11 36. Qh3 Nxa2 37. Qxh7+ Ke8 $1 38. h3 Rxa4 39. Rd1 {Die Stellung ist ausgeglichen.} Qe6 ({Und nicht} 39... Qxb5 40. Qxg6+ Kd7 41. Bb6+ Rd4 42. Rxd4+ Qd5 43. Rxd5+ Bd6 44. Rxd6+ Ke7 45. Qf6+ Ke8 46. Re6+ Kd7 47. Qf7#) 40. Qh8+ Kf7 41. Qh7+ Ke8 42. Qh8+ Kf7 43. Qh7+ Ke8 {Precision: Weiß = 50%, Schwarz = 32%.} 1/2-1/2

[Event "Paris GCT 2018-Blitz"]
[Site "Paris"]
[Date "2018.06.22"]
[Round "1"]
[White "Karjakin, Sergey"]
[Black "Nakamura, Hikaru"]
[Result "1/2-1/2"]
[WhiteElo "2816"]
[BlackElo "2878"]
[Annotator "TA"]
[PlyCount "77"]
[EventDate "2018.06.23"]
[EventType "tourn"]
[EventCountry "FRA"]
[SourceTitle "playchess.com"]
[Source "ChessBase"]
[SourceQuality "1"]

{[%evp 21,77,36,21,12,17,13,12,14,14,16,16,16,27,10,17,8,29,25,60,26,28,37,31,31,41,31,37,4,23,14,35,12,17,16,20,16,8,14,0,0,0,0,0,0,0,-17,0,-4,0,-11,-11,-19,0,0,0,-13,0,0]} 1. e4 e5 2. Nf3 Nc6 3. Bb5 Nf6 4. O-O Nxe4 5. Re1 Nd6 6. Nxe5 Be7 7. Bf1 Nf5 {C67: Ruy Lopez: Berlin Defence: 4 0-0 Nxe4} (7... Nxe5 8. Rxe5 O-O 9. d4 Bf6 10. Re1 Nf5 11. d5 Re8 12. Rxe8+ Qxe8 13. Qd3 d6 14. Nd2 Bg5 15. Nf3 Bxc1 16. Rxc1 Bd7 17. Re1 Qd8 18. Qc4 {1-0 (31) Carlsen,M (2843)-Aronian,L (2764) Stavanger 2018}) 8. Nf3 d5 9. d4 O-O 10. c3 Re8 (10... Bd6 11. b3 Re8 12. Rxe8+ Qxe8 13. Na3 a6 14. Nc2 Bd7 15. c4 dxc4 16. bxc4 {1-0 (56) Karjakin,S (2773)-Nakamura,H (2792) Saint Louis 2017}) 11. Nbd2 Bd6 {LiveBook: 3 Games} 12. g3 Rxe1 13. Nxe1 Nce7 14. Bd3 c6 {[#]} 15. Ndf3 $146 ({Predecessor:} 15. Nf1) 15... g6 16. Ng2 f6 17. Bf4 Ng7 18. Qb3 Bg4 19. Nd2 {[#] Strongly threatening Bxd6.} Rb8 20. Re1 {And now Ne4 would win.} Bf5 21. Bf1 Be6 22. h4 Bf7 23. Qa4 Ra8 24. b4 Nc8 25. Qc2 Qc7 26. a4 Bxf4 {The position is equal.} 27. Nxf4 Nd6 28. a5 Re8 29. Rxe8+ Ngxe8 {[%cal Bg7e8,Be8c7,Bc7b5,Bb5a3,Ba3c4][%mdl 32]} 30. Qd1 Qe7 31. Bd3 Nc7 32. Kg2 Ncb5 33. Qc2 Na3 34. Qc1 Nac4 35. Qc2 Kg7 36. Ne2 Be6 37. Nf4 Bf7 38. Ne2 Be6 39. Nf4 {Precision: White = 46%, Black = 63%.} 1/2-1/2

[Event "Paris GCT 2018-Blitz"]
[Site "Paris"]
[Date "2018.06.22"]
[Round "1"]
[White "Kramnik, Vladimir"]
[Black "Aronian, Levon"]
[Result "0-1"]
[WhiteElo "2793"]
[BlackElo "2809"]
[Annotator "TA"]
[PlyCount "93"]
[EventDate "2018.06.23"]
[EventType "tourn"]
[EventCountry "FRA"]
[SourceTitle "playchess.com"]
[Source "ChessBase"]
[SourceQuality "1"]

{[%evp 9,93,-20,-19,-35,1,0,13,0,0,0,0,0,8,7,12,-28,-30,-29,-29,-34,-8,-22,-31,-35,-27,-48,-46,-31,-9,0,0,-24,0,-8,-6,-15,-14,-14,-15,-21,-33,-27,-49,-26,0,-75,-68,-75,-70,-134,-121,-213,-129,-212,-213,-219,-222,-298,-279,-382,-370,-362,-324,-753,-712,-974,-955,-1606,-1078,-1838,-329,-329,-332,-322,-257,-254,-257,-300,-247,-575,-199,-284,-240,-435,-27,-35]} 1. c4 c6 2. Nf3 d5 3. e3 Nf6 4. b4 (4. Nc3 a6 5. d4 Bf5 6. Qb3 b5 7. c5 a5 8. Ne5 a4 9. Qd1 g6 10. Be2 Bg7 11. O-O O-O 12. g4 Be6 13. f3 Nfd7 14. Nd3 {½-½ (41) Navara,D (2727)-Eljanov,P (2702) Brest 2018}) 4... Bg4 5. cxd5 cxd5 6. Qa4+ {A11: English Opening: 1...c6} Bd7 $146 ({Predecessor:} 6... Nbd7 7. Ne5 Be6 8. Bb2 a6 9. Be2 g6 10. Nd3 Bg7 11. Nf4 Bf5 12. Nxd5 {1-0 (39) Ornstein,A (2408)-Akesson,J (2301) Sweden 2011}) 7. Qb3 e6 8. Bb2 {The position is equal.} Nc6 {[%cal Bb8c6,Bc6a5,Ba5b3][%mdl 32]} 9. a3 a5 {[%cal Ra5b4]} 10. b5 a4 11. Qd1 Na5 12. Nc3 Nb3 13. Rb1 Nc5 14. Be2 Bd6 15. O-O O-O 16. d4 Nce4 17. Nxa4 Qa5 18. Nc5 $1 {[%cal Rc5b7]} Nxc5 19. dxc5 Bxc5 20. Bd3 (20. Bxf6 $5 gxf6 21. e4 $15) 20... Bxa3 21. Ra1 Qb4 22. Bxf6 $1 gxf6 23. Nd4 $1 f5 24. Qh5 Qe7 25. g4 {[%cal Rg4f5]} Qf6 26. Kh1 Kh8 27. gxf5 (27. Rg1 $11) 27... e5 $36 {[%mdl 2048] Black has the initiative.} 28. Nc2 $1 Bc5 {White must now prevent ...Rxa1.} 29. Rad1 (29. Rxa8 $15 Rxa8 30. f3) 29... Ra2 {[#] And now ...e4 would win.} 30. f3 (30. Ne1 $17 {keeps fighting.}) 30... Rb2 31. Rg1 (31. Rb1 $17 Rxb1 32. Rxb1) 31... Bxb5 $19 32. Bxb5 Rxc2 33. Rde1 Rc3 34. Rg3 Bxe3 35. Rh3 {[%csl Gh3][%cal Rh5h7]} h6 36. Ra1 $2 (36. f4 exf4 37. Qxh6+ Qxh6 38. Rxh6+ Kg7 39. Rd6) 36... Bf4 37. Bf1 Rg8 38. Rd1 d4 39. Bd3 {[#]} Qg5 $2 (39... Rxd3 $1 {[%cal Rd3d1]} 40. Rf1 (40. Rxd3 Qa6) 40... Rd2) 40. Qxg5 Bxg5 ({Don't do} 40... Rxg5 41. Rxh6+ Kg7 42. Rb6 $19) 41. Rg3 Bf4 42. Rxg8+ Kxg8 43. Be4 b5 44. Rb1 $2 (44. f6 {is tougher.}) 44... Rc5 $2 (44... Kg7 45. Kg2 d3) 45. Kg2 (45. f6 $142) 45... Kg7 {aiming for ...Rc3.} 46. h4 $2 (46. Ra1) 46... Kf6 $2 ({Black should try} 46... Rc3 $19 {Threatens to win with ...d3.} 47. Rxb5 d3) 47. Ra1 $1 {Precision: White = 31%, Black = 56%.} 0-1

[Event "Paris GCT 2018-Blitz"]
[Site "Paris"]
[Date "2018.06.23"]
[Round "1"]
[White "So, Wesley"]
[Black "Vachier-Lagrave, Maxime"]
[Result "1/2-1/2"]
[WhiteElo "2778"]
[BlackElo "2789"]
[Annotator "TA"]
[PlyCount "158"]
[EventDate "2018.06.23"]
[EventType "tourn"]
[EventCountry "FRA"]
[SourceTitle "playchess.com"]
[Source "ChessBase"]
[SourceQuality "1"]

{[%evp 15,158,0,10,5,15,11,11,7,2,0,0,-1,0,0,0,2,0,-26,-27,-19,0,2,6,6,1,0,0,-5,36,19,23,10,10,8,12,7,8,11,16,0,0,0,0,0,0,0,0,-44,-18,-18,-24,-72,-72,-83,-72,-83,-72,-83,-72,-72,-72,-72,-72,-72,-72,-72,-81,-264,-72,-72,-72,-72,-72,-72,0,-72,-72,-80,-80,-80,-8,-8,-8,-8,0,0,0,0,0,0,0,-80,-80,-80,-80,-81,-81,-81,-81,-81,0,-81,-81,-81,-81,-81,-81,-81,-81,-81,-81,-81,-81,-81,-81,-81,-81,-81,-81,-81,-81,-81,-81,-81,-81,-81,-81,-81,-81,-81,-81,-81,-52,-52,-52,-52,-52,-52,-52,-52,-52,-52,-52,-52,-52]} 1. Nf3 c5 2. c3 Nf6 3. d4 d5 4. Bg5 e6 5. e3 Be7 6. Nbd2 Nc6 7. Bd3 b6 {D03: 1 d4 d5 2 Nf3 Nf6 3 Bg5, including Torre Attack with early ...d5} (7... Qc7 8. O-O O-O 9. Re1 Rd8 10. dxc5 Bxc5 11. Bxf6 gxf6 12. Nd4 Ne5 13. Bc2 f5 14. Qh5 Bf8 15. f4 Ng4 {1-0 (55) Artemiev,V (2691)-Esipenko,A (2564) Riadh 2017}) 8. Bb5 Bd7 {LiveBook: 4 Games} 9. Qe2 O-O {The position is equal.} 10. O-O $146 ({Predecessor:} 10. Bd3 Qc7 11. O-O e5 12. dxe5 Nxe5 13. h3 Nxd3 14. Qxd3 Rad8 15. Rad1 Rfe8 16. Rfe1 Ba4 17. b3 Bc6 18. Qf5 Bd7 19. Qc2 Bc6 20. Qf5 Bd7 21. Qc2 Bc6 {½-½ (21) Van Espen,E (2099)-Bass,J (2073) Bad Salzuflen 2013}) 10... Ne8 11. Bf4 Nd6 12. Bd3 c4 13. Bc2 f5 14. b3 {[%cal Rb3c4]} b5 15. a4 {Threatens to win with Bxd6.} a6 16. Ne5 Nxe5 17. Bxe5 Nf7 18. Bg3 Bc6 19. Nf3 Bd6 20. axb5 axb5 21. Rxa8 Bxa8 22. Ra1 Bb7 23. Qd1 Bxg3 24. hxg3 Qc7 25. Qb1 Bc6 26. b4 g6 27. Ra6 Ra8 28. Rxa8+ Bxa8 29. Qa2 Bc6 30. Qa6 Kg7 31. Nd2 Qb7 32. Qa5 g5 {[%cal Bg6g5,Bg5g4][%mdl 32]} 33. f4 g4 34. Kf2 Kf6 35. Bd1 h5 36. Bc2 Ke7 37. Qa1 Be8 38. Ke2 Nd8 39. Qh1 Qa7 40. Qh4+ Kd7 41. Qf6 $2 (41. Nb1 $17) 41... Bf7 $2 (41... Qa3 $1 $19 42. Bxf5 Qxc3) 42. Nb1 Qa2 43. Kd2 Qb2 44. Qg7 Qa2 (44... Qa1 $1 $17) 45. Qf8 {[#]} (45. Qf6 $1 $11) 45... Qa6 $1 $17 46. Kc1 Qd6 47. Qg7 Qe7 (47... Kc8 $17) 48. Na3 $11 Kc6 49. Qe5 $1 {[%cal Re5b8] aiming for Qb8.} Qa7 50. Kb2 $1 Qb6 51. Qf6 {Bxf5 is the strong threat.} Kc7 $1 52. Qe7+ Kc8 53. Bd1 {[#]} (53. Qc5+ $11 Qxc5 54. dxc5) 53... Qc6 $1 $17 54. Qa7 Be8 55. Qe7 Qd7 56. Qc5+ Qc7 57. Qf8 Qd7 (57... Bc6 $17) 58. Bc2 (58. Qc5+ $1 $11 {remains equal.} Kb8 59. Qf8) 58... Nb7 59. Qf6 Nd6 60. Qf8 Kc7 61. Kc1 Qf7 62. Qxf7+ Bxf7 {[%mdl 4096] Endgame KBN-KBN} 63. Kd2 Kc6 64. Ke2 Nc8 65. Kf2 Ne7 66. Bd1 Be8 67. Bc2 Kd6 68. Bd1 Ng6 69. Nb1 Ke7 70. Nd2 Kf6 71. Nf1 Kg7 72. Nd2 Kh6 73. Nf1 h4 74. gxh4 {Black is slightly better.} Nxh4 75. g3 Ng6 76. Nd2 Nh8 77. Bc2 Nf7 78. Nb1 Nd6 79. Nd2 Kg7 {Precision: White = 55%, Black = 69%.} 1/2-1/2

[Event "Paris GCT 2018-Blitz"]
[Site "Paris"]
[Date "2018.06.23"]
[Round "1"]
[White "Grischuk, Alexander"]
[Black "Mamedyarov, Shakhriyar"]
[Result "1/2-1/2"]
[WhiteElo "2766"]
[BlackElo "2808"]
[Annotator "TA"]
[PlyCount "91"]
[EventDate "2018.06.23"]
[EventType "tourn"]
[EventCountry "FRA"]
[SourceTitle "playchess.com"]
[Source "ChessBase"]
[SourceQuality "1"]

{[%evp 15,91,34,72,0,0,0,1,0,0,0,0,0,0,0,0,-49,-41,-20,-11,-29,-1,-159,-70,-81,-73,-97,0,-67,-64,-59,-68,-81,0,0,0,0,0,0,0,0,0,0,0,0,0,-4,-4,-5,0,0,0,0,0,0,0,0,0,0,0,0,0,0,0,0,0,-8,0,0,0,0,0,0,0,0,0,0,-8,0]} 1. e4 c6 2. d4 d5 3. e5 Bf5 4. Nd2 e6 5. Nb3 Nd7 6. Nf3 Ne7 {B12: Caro-Kann: Advance Variation} 7. Be2 Ng6 8. O-O f6 {[%cal Rf6e5] LiveBook: 8 Games. White is slightly better.} 9. c4 $146 (9. Ne1 $16) ({Predecessor:} 9. exf6 Qxf6 10. Na5 Rb8 11. Bg5 Qf7 12. Nh4 Bd6 13. Nxf5 exf5 {1-0 (30) Malakhov,V (2697)-Novik,M (2480) St Petersburg 2016}) 9... dxc4 $11 10. Bxc4 fxe5 11. Ng5 Qf6 12. g4 Nf4 13. Bxf4 exf4 14. Nxe6 Bxe6 15. Bxe6 {And now Rc1 would win.} (15. Re1 $5 {[%cal Re1e6]} O-O-O 16. Rxe6 $11) 15... O-O-O $1 ({Don't go for} 15... Qxe6 $2 16. Re1 $18) 16. Re1 Kb8 {White should prevent ...Bb4.} 17. Qf3 Bd6 18. Re4 $2 {[#]} ({White should play} 18. Rac1 $11) 18... h5 $1 {[%mdl 512]} 19. Bxd7 (19. gxh5 Qg5+) 19... Rxd7 20. Rae1 Qg6 ({Better is} 20... Rdd8 $17 {aiming for ...hxg4.} 21. gxh5 Qg5+ 22. Qg2 Qxh5) 21. h3 (21. Nc5 $11 Rdd8 22. Rxf4) 21... hxg4 $15 22. Qxg4 Qxg4+ 23. hxg4 {[#]} f3 (23... Rh4 $1 $17) 24. Re8+ $11 {The position is equal.} Rd8 25. Rxd8+ Rxd8 {[%mdl 4096] Endgame KRB-KRN} 26. Re3 Rf8 27. Nd2 Rf4 28. Nxf3 Rxg4+ 29. Kf1 a5 30. a4 Kc7 31. Ke2 b5 32. b3 Rf4 33. Re6 bxa4 34. bxa4 c5 35. Ke3 {Black must now prevent dxc5.} g5 36. Re4 Rf5 37. dxc5 Rxc5 38. Kd3 Rf5 39. Nd4 Rxf2 40. Ne6+ Kc6 41. Nxg5 Ra2 42. Rc4+ Kb6 43. Ne4 Bb4 44. Nc3 Ra3 45. Kc2 Bxc3 46. Rxc3 {Precision: White = 75%, Black = 53%.} 1/2-1/2

[Event "Paris GCT 2018-Blitz"]
[Site "Paris"]
[Date "2018.06.23"]
[Round "2"]
[White "Nakamura, Hikaru"]
[Black "Anand, Viswanathan"]
[Result "1/2-1/2"]
[WhiteElo "2878"]
[BlackElo "2817"]
[Annotator "TA"]
[PlyCount "64"]
[EventDate "2018.06.23"]
[EventType "tourn"]
[EventCountry "FRA"]
[SourceTitle "playchess.com"]
[Source "ChessBase"]
[SourceQuality "1"]

{[%evp 9,64,13,15,0,11,13,45,16,16,15,15,12,12,6,8,5,6,14,12,12,14,13,10,14,9,7,26,26,19,19,10,10,14,0,0,5,3,-17,10,2,7,0,4,6,10,0,0,0,0,0,0,0,0,0,0,0,0]} 1. Nf3 Nf6 2. b3 c5 3. Bb2 Nc6 4. e3 e6 5. d4 cxd4 {LiveBook: 7 Games} 6. Nxd4 {A05: Réti Opening: 1 Nf3 Nf6} Be7 7. Nxc6 $146 ({Predecessor:} 7. Be2 O-O 8. O-O d5 9. Nd2 Bd7 10. N2f3 Rc8 11. Nxc6 Bxc6 12. Ne5 Be8 13. Bd3 Nd7 14. Nxd7 Bxd7 15. f4 Bf6 16. Qh5 g6 17. Bxf6 Qxf6 {0-1 (87) Kristovic,M (2296)-Vargic,D (2360) Bizovac 2007}) 7... dxc6 (7... bxc6 {looks sharper.} 8. Bd3 O-O 9. O-O d5 10. c4 Bb7) 8. Bd3 {White is slightly better.} Qa5+ 9. Nd2 e5 10. O-O Be6 $1 11. Nc4 Bxc4 $1 12. Bxc4 Ba3 13. Qc1 Bxb2 14. Qxb2 O-O 15. b4 Qc7 16. h3 Rfd8 17. Rfd1 Rd6 18. Rxd6 Qxd6 19. Be2 {The position is equal.} Qe7 20. Rd1 g6 21. Bc4 Rc8 22. a4 Rc7 23. Bb3 Rd7 24. Rxd7 Nxd7 25. Qc3 Nf6 26. Qc4 Kg7 27. b5 cxb5 28. axb5 b6 29. Kf1 Ne8 30. Qd5 Nf6 31. Qc4 Ne8 32. Qd5 Nf6 {Precision: White = 67%, Black = 78%.} 1/2-1/2

[Event "Paris GCT 2018-Blitz"]
[Site "Paris"]
[Date "2018.06.23"]
[Round "2"]
[White "Karjakin, Sergey"]
[Black "Grischuk, Alexander"]
[Result "1-0"]
[WhiteElo "2816"]
[BlackElo "2831"]
[Annotator "TA"]
[PlyCount "89"]
[EventDate "2018.06.23"]
[EventType "tourn"]
[EventCountry "FRA"]
[SourceTitle "playchess.com"]
[Source "ChessBase"]
[SourceQuality "1"]

{[%evp 29,89,2,0,-7,-4,-12,0,0,0,0,0,-12,0,-59,-63,-143,-52,-118,-68,-70,-79,-97,20,31,99,100,106,121,233,224,225,-365,-372,-468,-87,-343,861,995,1014,1057,1055,1006,1020,938,941,898,29980,29981,29981,29982,29981,29982,29982,29983,29983,29984,29984,29985,29985,29986,29986,29987]} 1. e4 c5 2. Nf3 d6 3. d4 cxd4 4. Nxd4 Nf6 5. Nc3 a6 6. Be3 Ng4 7. Bc1 Nf6 8. Be2 e5 9. Nb3 Be7 10. Be3 Be6 11. Nd5 Nbd7 12. Qd3 O-O 13. O-O Bxd5 14. exd5 Rc8 15. c4 Ne8 {LiveBook: 26 Games. B92: Sicilian Najdorf: 6 Be2} (15... g6 16. Rac1 Ne8 17. Qd2 Ng7 18. Na5 Nf5 19. Nxb7 Qc7 20. Na5 Nxe3 21. fxe3 Bg5 22. b4 Qb6 23. Rf3 {½-½ (78) Sethuraman,S (2618)-Giri,A (2772) Tbilisi 2017}) 16. f3 g6 17. Kh1 $146 ({Predecessor:} 17. Nd2 Ng7 18. b4 Nh5 19. g3 f5 20. Nb3 f4 21. Bf2 fxg3 22. hxg3 Rf5 23. Nd2 {1-0 (31) Abreu Delgado,A (2410)-Quesada,R (2200) Holguin 1999}) 17... Ng7 {The position is equal.} 18. Bg1 Bg5 19. Rad1 h5 20. Nd2 {[%cal Bb3d2,Bd2c4,Bc4b6][%mdl 32]} f5 $1 21. b4 (21. Qa3 $11) 21... h4 $1 $15 22. c5 (22. Bf2 $15) 22... dxc5 ({Black should try} 22... Nh5 $1 $17 23. c6 Nf4 24. cxd7 Nxd3 25. dxc8=R (25. dxc8=Q Qxc8 26. Bxd3 b5 $14) 25... Qxc8 26. Bxd3 b5) 23. d6 (23. Bxc5 $15 Nxc5 24. bxc5) 23... cxb4 24. Qd5+ Kh7 25. Nc4 Bf4 (25... b5 $1 $17 {[%cal Rb5c4]} 26. Nxe5 Nxe5 27. Qxe5 Bf6) 26. Qxb7 $11 {Hoping for Nb6.} Rf7 (26... Rb8 $1 $14 27. Qxa6 Nh5) 27. Nb6 $1 $36 {[%cal Rb6c8][%mdl 2048] Keeping Black busy.} Rc2 {[#]} 28. Qd5 $1 {[%cal Rd5f7]} Nxb6 ({Reject} 28... Rxe2 $6 29. Qxf7 Nxb6 30. d7 $14) (28... Rf8 $16 {was worth a try.} 29. Nxd7 Qxd7 30. Bxa6 Rb8) 29. Qxf7 $18 Rxe2 30. Bxb6 $4 {[%mdl 8192]} (30. d7 $18 {is the narrow road to win.} h3 31. Rf2 hxg2+ 32. Kxg2 Rxf2+ 33. Bxf2) 30... Qxb6 $19 31. Qe7 {[#]} h3 $2 (31... g5 $1 $19 {has better winning chances. And now ...h3 would win.} 32. d7 h3) 32. g3 $2 {[%mdl 8192]} (32. Qh4+ $17 Bh6 33. g4 fxg4 34. d7) 32... Qc5 $4 {[%mdl 8192]} (32... Qe3 $19 33. Qh4+ Bh6 34. Qxh3 Ne6) 33. gxf4 $18 {[%cal Bg3f4,Bf4e5,Be5e6][%mdl 32]} Qc2 34. Qh4+ Nh5 35. Qxh3 Rd2 36. Rxd2 Qxd2 37. fxe5 Qxa2 {[%mdl 4096] Endgame KQR-KQN} 38. d7 {White mates.} Qd5 39. e6 $1 b3 40. Qh4 Qd3 41. Kg2 b2 42. d8=Q Qxf1+ 43. Kxf1 b1=Q+ 44. Kg2 Qa2+ 45. Kh3 {Precision: White = 39%, Black = 39%.} 1-0

[Event "Paris GCT 2018-Blitz"]
[Site "Paris"]
[Date "2018.06.23"]
[Round "2"]
[White "Aronian, Levon"]
[Black "So, Wesley"]
[Result "1/2-1/2"]
[WhiteElo "2809"]
[BlackElo "2856"]
[Annotator "TA"]
[PlyCount "48"]
[EventDate "2018.06.23"]
[EventType "tourn"]
[EventCountry "FRA"]
[SourceTitle "playchess.com"]
[Source "ChessBase"]
[SourceQuality "1"]

{[%evp 18,48,24,31,22,19,41,12,12,10,8,8,8,8,8,8,8,8,12,4,6,0,0,0,6,0,0,-7,-7,-14,-14,-15,0]} 1. Nf3 d5 2. e3 Nf6 3. c4 e6 4. b3 Bd6 5. Bb2 O-O 6. Nc3 {A13: English Opening: 1...e6} c5 7. cxd5 (7. g4 d4 8. exd4 cxd4 9. Nxd4 e5 10. Nf5 Bxf5 11. gxf5 Nc6 12. Bg2 {½-½ (48) Anand,V (2776)-Hou,Y (2654) Karlsruhe/Baden-Baden 2018}) 7... exd5 8. d4 Nc6 9. Be2 cxd4 10. Nxd4 {LiveBook: 3 Games} Nxd4 11. Qxd4 Re8 12. Rd1 $146 ({Predecessor:} 12. Qd2) 12... Be5 {The position is equal.} 13. Qd2 Bf5 14. O-O Rc8 {[#] Hoping for ...Bxc3.} 15. Bf3 {[%cal Rc3d5]} Ne4 16. Nxe4 dxe4 17. Qxd8 Rcxd8 18. Rxd8 Rxd8 19. Bxe5 {[#] And now Be2 would win.} exf3 20. gxf3 $11 {KRB-KRB} Rd2 21. Kg2 Rxa2 22. Rc1 Rc2 23. Rxc2 Bxc2 24. b4 b6 1/2-1/2

[Event "Paris GCT 2018-Blitz"]
[Site "Paris"]
[Date "2018.06.23"]
[Round "2"]
[White "Vachier-Lagrave, Maxime"]
[Black "Caruana, Fabiano"]
[Result "1-0"]
[WhiteElo "2789"]
[BlackElo "2816"]
[Annotator "TA"]
[PlyCount "108"]
[EventDate "2018.06.23"]
[EventType "tourn"]
[EventCountry "FRA"]
[SourceTitle "playchess.com"]
[Source "ChessBase"]
[SourceQuality "1"]

{[%evp 16,108,11,12,15,12,12,15,14,0,6,0,0,0,0,0,0,-4,0,-13,-12,-35,-20,-20,-11,-26,0,-16,0,0,14,14,26,14,8,9,25,13,18,15,135,117,127,48,42,-34,0,-53,-46,-60,0,-89,-110,-113,-120,-400,-398,-378,-369,-348,-339,-347,-310,-373,-285,-369,-301,-301,-287,-298,-285,-2733,-397,-400,-391,-387,-374,-561,-549,-591,-539,-498,-335,-516,-437,-381,-317,-303,-310,-267,0,0,0,0,89]} 1. e4 e5 2. Nf3 Nc6 3. Bc4 Bc5 4. c3 Nf6 5. d3 O-O 6. O-O d6 7. Re1 h6 {C54: Giuoco Piano: 4 c3 Nf6, main lines with 5 d4 and 5 d3} 8. Nbd2 a5 9. Nf1 {LiveBook: 10 Games} Bb6 10. Be3 $146 ({Predecessor:} 10. Ng3 Be6 11. Bb5 Ne7 12. d4 Ng6 13. h3 exd4 14. Nxd4 {½-½ (47) Inarkiev,E (2694)-Andreikin,D (2708) Sochi 2017}) 10... Bxe3 11. Nxe3 Be6 12. Bb5 {[%cal Bc4b5,Bb5a4,Ba4c2][%mdl 32]} Ne7 13. Ba4 Ng6 14. Bc2 Re8 15. d4 c6 16. Qd2 Qc7 17. Nf5 Rad8 18. Rad1 Bxa2 19. b3 $1 a4 20. bxa4 Bc4 21. Qc1 Ne7 22. Ne3 $36 {[%mdl 2048] White is pushing.} Be6 23. Qb2 Ra8 24. c4 {[%cal Rd4e5]} Ng6 25. Rb1 Ra7 26. Red1 Ng4 27. Nf5 Rd8 (27... Bxc4 $11 {remains equal.} 28. h3 Nf6) 28. h3 $16 Nf6 {[#]} 29. c5 (29. dxe5 $1 $16 dxe5 30. Rxd8+ Qxd8 31. Nxe5) 29... dxc5 $14 30. dxe5 (30. Nxe5 $14 Bxf5 31. exf5) 30... Nd7 (30... Rxd1+ {is interesting.} 31. Rxd1 Nd7 32. h4 Ndxe5 33. Nxe5 Bxf5 34. exf5 Nxe5 35. Re1 f6) 31. Rd2 (31. Qc3 $11) 31... Rb8 32. Nd6 c4 (32... b5 $15 33. axb5 cxb5) 33. Rbd1 (33. Qd4 $11 {keeps the balance.} b6 34. Kh1) 33... b5 $17 34. Nd4 {[%cal Ra4b5]} Ndxe5 35. axb5 $2 {[%mdl 8192]} (35. Nxe6 $17 {was forced.} fxe6 36. Qd4) 35... Qxd6 $19 36. Nxc6 {[#]} Qxc6 $1 {[%mdl 512]} 37. Rd8+ (37. bxc6 Rxb2) 37... Kh7 38. Rxb8 Qc7 39. Rdd8 c3 40. Qc1 Qc5 41. b6 Ra2 42. b7 Qb6 43. h4 $2 (43. Ra8 Qxb7 44. Rxa2 Bxa2 45. Qa3) 43... Nc6 $2 (43... Ng4 44. Qe1 Rxc2) 44. Ra8 {Hoping for e5!} Qxb7 45. Rxa2 Bxa2 ({Less strong is} 45... Nxd8 46. Ra3 $17) 46. Rd6 (46. Rd3 $142 Qb2 47. Qxb2 cxb2 48. Rd7 b1=Q+ 49. Bxb1 Bxb1 50. Rxf7) 46... Nge5 47. f4 Qb6+ 48. Kh1 Ng4 {White must now prevent ...Qf2.} 49. e5+ {[#]} (49. Qe1 {is the only way for White.} Qb2 50. Rxc6 Qxc2 51. Rxc3) 49... g6 $1 50. Qe1 Be6 51. h5 {Black should prevent hxg6+.} Kg7 52. hxg6 Nf2+ $2 (52... Qb4 $19 53. Qf1 Nd4) 53. Kh2 $11 {Threatens to win with gxf7.} Ng4+ 54. Kg3 {gxf7 is the strong threat.} Qc5 {Precision: White = 42%, Black = 55%.} (54... Qe3+ $11 55. Qxe3 Nxe3 56. Rxc6 Nxc2) 1-0